<?xml version="1.0" encoding="UTF-8"?>
<record
    xmlns:xsi="http://www.w3.org/2001/XMLSchema-instance"
    xsi:schemaLocation="http://www.loc.gov/MARC21/slim http://www.loc.gov/standards/marcxml/schema/MARC21slim.xsd"
    xmlns="http://www.loc.gov/MARC21/slim">

  <leader>01085nam a2200265 i 4500</leader>
  <controlfield tag="001">187576</controlfield>
  <controlfield tag="003">ES-MaACL</controlfield>
  <controlfield tag="005">20250815004213.0</controlfield>
  <controlfield tag="008">171129s2013    sp a         |||| | spa d</controlfield>
  <datafield tag="020" ind1=" " ind2=" ">
    <subfield code="a">978-959-204-341-1</subfield>
  </datafield>
  <datafield tag="080" ind1=" " ind2=" ">
    <subfield code="a">972.91</subfield>
  </datafield>
  <datafield tag="100" ind1="1" ind2=" ">
    <subfield code="a">M&#xE9;ndez Vargas, Lourdes Mar&#xED;a,</subfield>
    <subfield code="d">1959- </subfield>
    <subfield code="9">163865</subfield>
  </datafield>
  <datafield tag="245" ind1="1" ind2="0">
    <subfield code="a">Arroyo Blanco la ruta cubana de Churchill </subfield>
    <subfield code="b">Un episodio de la Guerra del 95 / </subfield>
    <subfield code="c">Lourdes Mar&#xED;a M&#xE9;ndez Vargas ; [correcci&#xF3;n, Clotilde Hern&#xE1;ndez Car&#xFA;s].</subfield>
  </datafield>
  <datafield tag="260" ind1=" " ind2=" ">
    <subfield code="a">Sancti Sp&#xED;ritus : </subfield>
    <subfield code="b">Ediciones Luminaria, </subfield>
    <subfield code="c">2013.</subfield>
  </datafield>
  <datafield tag="300" ind1=" " ind2=" ">
    <subfield code="a">269 p. : </subfield>
    <subfield code="b">il. ; </subfield>
    <subfield code="c">21 cm.</subfield>
  </datafield>
  <datafield tag="490" ind1="1" ind2=" ">
    <subfield code="a">Pensamiento</subfield>
  </datafield>
  <datafield tag="500" ind1=" " ind2=" ">
    <subfield code="a">Dedicatoria aut&#xF3;grafa.</subfield>
  </datafield>
  <datafield tag="650" ind1=" " ind2="7">
    <subfield code="a">Historia contempor&#xE1;nea</subfield>
    <subfield code="2">embne</subfield>
    <subfield code="9">13393</subfield>
  </datafield>
  <datafield tag="700" ind1="1" ind2=" ">
    <subfield code="a">Hern&#xE1;ndez Car&#xFA;s, Clotilde.</subfield>
    <subfield code="9">163866</subfield>
  </datafield>
  <datafield tag="830" ind1="0" ind2=" ">
    <subfield code="a">Pensamiento</subfield>
    <subfield code="9">178722</subfield>
  </datafield>
  <datafield tag="852" ind1=" " ind2=" ">
    <subfield code="a">ES-MaACL</subfield>
    <subfield code="j">A-14100 </subfield>
    <subfield code="9">194662</subfield>
    <subfield code="b">R.150991</subfield>
    <subfield code="c">DEPO1</subfield>
    <subfield code="d">Olim: N-7100</subfield>
    <subfield code="g">Dedicatoria aut&#xF3;grafa de la autora</subfield>
    <subfield code="h">Donaci&#xF3;n: Lourdes Mar&#xED;a M&#xE9;ndez Vargas</subfield>
  </datafield>
  <datafield tag="903" ind1=" " ind2=" ">
    <subfield code="a">M&#xE9;ndez Vargas, Lourdes Mar&#xED;a,</subfield>
    <subfield code="d">1959- </subfield>
    <subfield code="e">dnr</subfield>
    <subfield code="9">163865</subfield>
  </datafield>
  <datafield tag="942" ind1=" " ind2=" ">
    <subfield code="2">udc</subfield>
    <subfield code="c">MONOGRAFIA</subfield>
  </datafield>
  <datafield tag="999" ind1=" " ind2=" ">
    <subfield code="c">187576</subfield>
    <subfield code="d">187576</subfield>
  </datafield>
  <datafield tag="952" ind1=" " ind2=" ">
    <subfield code="0">0</subfield>
    <subfield code="1">0</subfield>
    <subfield code="2">udc</subfield>
    <subfield code="4">0</subfield>
    <subfield code="7">0</subfield>
    <subfield code="8">Librosdedicados</subfield>
    <subfield code="a">ATENEOM</subfield>
    <subfield code="b">ATENEOM</subfield>
    <subfield code="c">DEPO1</subfield>
    <subfield code="d">2017-11-29</subfield>
    <subfield code="e">DONACION</subfield>
    <subfield code="l">0</subfield>
    <subfield code="o">A-14100</subfield>
    <subfield code="p">1198123</subfield>
    <subfield code="r">2023-02-23 00:00:00</subfield>
    <subfield code="w">2023-02-23</subfield>
    <subfield code="y">MONOGRAFIA</subfield>
    <subfield code="z"> Dedicatoria aut&#xF3;grafa de la autora</subfield>
  </datafield>
</record>
